000 01557cam a22003255a 4500
005 20091103014612.0
008 090911s2009 ii ab b 100 0 eng d
010 _aENG-95393
020 _a8185753946
_c695.00
035 _aEN-78926
037 _bDBAD/PUB
040 _aDPL
_beng
082 _a891.4
111 _aInternational IACLALS Conference on 1857 and After: Colonialism, Violence, and Literature
_cDept. of English, Banaras Hindu University)
_d(2007
_91774
245 _a(One thousand eight hundred fifty seven)1857 and after :
_cedited by R. N. Rai, Anita Singh [and] Archana Kumar
_bliterary representations /
260 _aNew Delhi
_bPencraft International
_c2009
270 _a4262/3,. Ansari Road, Darya Ganj
_bNew Delhi
_e110002
300 _a267p.:
_c22 cm. (Hb)
_bill.
500 _aIncludes bibliographical references and index.
520 _aContributed articles.
650 _aIndic literature
_y19th century
_xHistory and criticism
_vCongresses.
_91765
650 _aNationalism in literature
_vCongresses.
_91766
651 _ySepoy Rebellion, 1857-1858
_xLiterature and the rebellion
_vCongresses.
_91767
700 _aSingh, Anita
_d1963-
_91768
700 _aArchana Kumar
_91769
700 _aRai, Rama Nand.
_91775
942 _2ddc
_cEN
_mONE
_h891.4
999 _c31623
_d31623